BIBLIOTHÈQUE DE LA MAISON DU MEXIQUE

Logo 1 Logo 2

Imágenes del cielo (notice nᵒ 2185)

détails MARC
000 -Sello discográfico
campo de control de longitud fija 00962nam a2200325 4500
005 - Identificación de versión
campo de control 20251016083231.0
035 ## - Otros números de control del sistema
Número de control del sistema 8065
099 ## - fechas locales
Tipo de ítem Koha LIBRO
100 ## - Datos de procesamiento general
Datos de procesamiento general 19971201d1968 m y1spay5003 ba
101 ## - Idioma del recurso
Idioma del texto, banda sonora, etc. Español; Castellano
Idioma de la obra original Francés
105 ## - Campo de datos codificados: Material textual, monográfico
Datos codificados de monografía a 001zy
200 1# - Título y mención de responsabilidad
Título propio Imágenes del cielo
Designación general del material texto impreso
Primer mención de responsabilidad J. Gauzit
Declaración de responsabilidad subsiguiente traducción Jorge Gómez de Silva
205 ## - Declaración de edición
Declaración de edición 1a ed
210 ## - Publicación, distribución, etc.
Lugar de publicación, distribución, etc. México
Nombre del editor, distribuidor, etc. Fondo de Cultura Económica
Fecha de publicación, distribución, etc. 1968
215 ## - Descripción física
Designación de material específico y extensión del ítem 125 p
Otras características físicas il.
Dimensiones 17 cm
345 ## - Nota de información de adquisición
Fuente de adquisición/dirección de la suscripción [OBSOLETO] Donación
410 #1 - Series
Título Breviarios del Fondo de Cultura Económica
Número de volumen 196
454 #1 - Traducción de
Título Images du ciel
606 ## - Término temático usado como materia
Elemento de entrada Astronomía
Subdivisión temática Alocuciones, ensayos y conferencias
Número Koha 5178
660 ## - Código de área geográfica
Código MX
700 ## - Nombre personal - Responsabilidad primaria
Elemento de entrada Gauzit
Parte del nombre distinta del elemento de entrada Junior
Fechas 1902-1977
Número Koha 5179
702 ## - Nombre personal - Responsabilidad secundaria
Elemento de entrada Gómez de Silva
Parte del nombre distinta del elemento de entrada Jorge
Número Koha 5180
801 #0 - Fuente de origen
Agencia cm
900 ## -
-- 1/14882
900 ## -
-- 710976466\\011297
942 ## - ELEMENTOS DE ENTRADA SECUNDARIOS (KOHA)
Tipo de ítem Koha Livre
996 ## -
-- MEX
-- 751145101
-- MMAG
-- 004660
-- 082.1 B846 V.196
-- 20210422LIV
Exemplaires
Estatus retirado Estado de daño Estado de pérdida Fecha de adquisición Biblioteca de origen Biblioteca actual Ubicación en estantería Código de barras Precio de reemplazo Signatura topográfica completa No para préstamo Tipo de ítem Koha Nota pública Nota no pública
      05/08/2025 Casa México Paris Casa México Paris   004660 05/08/2025 082.1 B846 V.196   Livre 20210422LIV 751145101